Grundwissen-Deutschland - Statistiken

Allgemein
  • Dieses Quiz wurde 519 mal gespielt
  • Das Durchschnittsergebnis liegt bei 8 aus 10
Antwortstatistiken
Frage Antwort % Korrekt
Welches Alkohol Getränk ist am beliebtesten? Bier
99%
Was ist Deutschland auf Englisch? Germany
99%
Wie viele Bundesländer gibt es? 16
96%
Welche Nationalität ist nach den Deutschen am meisten in Deutschland? Türkei
87%
Wie oft hat die Deutsche Fußball Nationalmannschaft die WM gewonnen (Männer)? 4 mal
85%
Was war die Hauptstadt West Deutschlands? Bonn
79%
In welcher Organisation ist Deutschland? Nord Atlantic Treaty Organisation
75%
Mit welchen Ländern war Deutschland bei den Axen-Mächte? Italien, Japan, Ungarn, Rumänien
56%
In welchem Jahr vereinigte die DDR sich mit der BRD? 1990
44%
In wie vielen Ländern ist Deutsch offiziell eine Amtssprache? 6
39%
Keine übereinstimmenden Quizze gefunden
Verteilung der Resultate
Anzahl Personen mit jedem Resultat
Perzentil nach korrekt beantworteten Fragen
Ihre Resultats-Entwicklung
Sie haben dieses Quiz noch nicht gespielt